The Gaddis of Bharmour : (Record no. 14366)

MARC details
000 -LEADER
fixed length control field 00586nam a2200145Ia 4500
082 ## - DEWEY DECIMAL CLASSIFICATION NUMBER
Classification number RP.0299
100 ## - MAIN ENTRY--AUTHOR NAME
Personal name Pathania, Rajinder Singh
Affiliation Department of History, Government Degree College Bharmour, Himachal Pradesh
Place Himachal Pradesh
245 #0 - TITLE STATEMENT
Title The Gaddis of Bharmour :
Sub Title A Study on Socio-Economic Change
260 ## - PUBLICATION, DISTRIBUTION, ETC. (IMPRINT)
Year of publication 2015
Place of publication Himachal Pradesh
300 ## - PHYSICAL DESCRIPTION
Number of Pages v, 183p
504 ## - BIBLIOGRAPHY, ETC. NOTE
Bibliography, etc Include Bibliography
536 ## - FUNDING INFORMATION NOTE
Funding Agency Indian Council of Social Science Research, New Delhi
650 ## - SUBJECT ADDED ENTRY--TOPICAL TERM
Topical Term Modern Social History
Form subdivision Socio-Economic Change
-- Political history
-- Ethnic Group--Tribal
942 ## - ADDED ENTRY ELEMENTS (KOHA)
Koha item type Research Reports
Source of classification or shelving scheme Dewey Decimal Classification
Holdings
Withdrawn status Lost status Damaged status Not for loan Collection code Home library Current library Date acquired Source of acquisition Bill Date Full call number Accession Number Price effective from Koha item type
      Not For Loan Minor Research project Reports NASSDOC Library NASSDOC Library 08/10/2018 Gifted by : RP Division, ICSSR 2018-07-05 RP.0299 50037 18/04/2019 Research Reports